000 00419cam a2200181 4500
001 D13209
008 090401t1963 xxu||||| |||| 00| 0 eng d
035 _a(Sirsi) u8440
041 _aeng
100 _aLawrance, David M
245 _aCompulsory purchase and compensation
250 _a3rd
260 _aLondon
_bEstates Gazette
_c1963
350 _a0
520 _aShelf 118
942 _n0
948 _c04/03/1997
999 _c86513
_d86513